[Event "RUS-chT Blitz Men 2018"]
[Site "Sochi"]
[Date "2018.10.10"]
[Round "12"]
[White "Savchenko, Boris"]
[Black "Inozemtsev, Sergei"]
[Result "1-0"]
[WhiteElo "2562"]
[BlackElo "2310"]
[Annotator "TA"]
[PlyCount "85"]
[EventDate "2018.10.10"]
[EventType "swiss"]
[EventCountry "RUS"]
[SourceTitle "playchess.com"]
[Source "ChessBase"]
[SourceQuality "1"]

{[%evp 12,84,25,30,28,-2,40,0,-6,-13,-22,-14,0,0,0,-33,-52,-53,-47,-304,-302,-353,-335,-324,-332,-332,-187,-339,-343,-349,-293,-395,-392,-372,-382,-383,-391,-473,-477,-632,-323,-327,-318,-394,-364,-278,0,0,54,56,55,78,975,944,987,990,1022,987,29942,996,1220,920,2613,2579,6307,2661,5173,2843,2433,2344,29997,29998,29998,29999,29999]} 1. e4 e6 2. d4 d5 3. Nc3 Bb4 4. e5 b6 5. Qg4 Bf8 6. h4 h5 7. Qd1 {LiveBook: 10 Games. C16: French: 3 Nc3 Bb4 4 e5: Lines without ...c5} Qd7 (7... Ne7 8. Bg5 Qd7 9. Be2 Nf5 10. g4 hxg4 11. Bxg4 Nh6 12. Bh3 Bb7 13. Nge2 Nc6 14. Rg1 Be7 {0-1 (39) Ismagambetov,A (2542)-Askarov,B (2422) Astana 2017}) 8. Nh3 $146 ({Predecessor:} 8. Bg5 Ba6 9. Bxa6 Nxa6 10. Nf3 Ne7 11. Qe2 Nb4 12. a3 Nbc6 13. Nd1 Nf5 14. Qd3 Be7 {1-0 (41) Husari,S (2334)-Jamrich,G (2271) Balatonlelle 2003}) 8... Ba6 9. Bg5 {White is slightly better.} Bxf1 10. Kxf1 c5 11. dxc5 bxc5 12. Nf4 Nc6 13. Nxh5 Nxe5 14. Qe2 Nc6 15. Rd1 $2 {[%mdl 8192]} (15. Re1 $15) 15... Nd4 $19 16. Rxd4 cxd4 17. Nd1 Rc8 18. Rh3 Nh6 (18... f6 $142 19. Bc1 Ne7) 19. Bf6 $2 (19. c3) 19... Nf5 20. Be5 Rh7 21. Rb3 Bd6 22. Bxg7 Rxh5 $1 23. Qxh5 {[#] White threatens Qh8+ and mate.} Nxg7 24. Qh8+ Bf8 25. h5 Nf5 26. g4 Nd6 ({Worse is} 26... Rxc2 27. gxf5 Qd6 28. Qxd4 $11) 27. h6 Qe7 {And now ...Qh4 would win.} 28. Rh3 {[#] aiming for h7.} Ne4 $2 ({Avoid the trap} 28... Rxc2 $2 29. h7 $18) (28... Qg5 $1 $19 {[%cal Rg5g4]} 29. h7 Qxg4 30. Qxf8+ Kxf8 31. h8=Q+ Ke7 32. Qh4+ Qxh4 33. Rxh4 Nf5) 29. h7 $11 {Threatens to win with Qe5.} Ng5 (29... Qc5 $11) 30. Qxd4 $14 Nxh7 31. Rxh7 Rxc2 $2 {[%mdl 8192]} (31... Qc5 $16 32. Qxc5 Rxc5) 32. Qa4+ $18 Qd7 33. Qxc2 Qb5+ 34. Kg2 {Qc8+ is the strong threat.} Qb4 35. Ne3 (35. Qc8+ $142 Ke7 36. Qc7+ Kf6 37. Qxf7+ Ke5 38. Rh5+ Kd4 39. Qxe6 Qd6 40. Qe3+ Kc4 41. Qb3+ Kc5 42. Nc3) 35... Bc5 36. a3 Qd4 37. b4 Bb6 38. g5 Qf4 39. g6 Qg5+ 40. Kf3 {White wants to mate with Qc6+.} fxg6 41. Qc8+ {White mates.} Bd8 42. Qd7+ Kf8 43. Rh8# {Precision: White = 39%, Black = 44%.} 1-0

[Event "RUS-chT Blitz Men 2018"]
[Site "Sochi"]
[Date "2018.10.10"]
[Round "12"]
[White "Bocharov, Dmitry"]
[Black "Sergeyev, Alexander"]
[Result "1-0"]
[WhiteElo "2557"]
[BlackElo "2397"]
[Annotator "TA"]
[PlyCount "81"]
[EventDate "2018.10.10"]
[EventType "swiss"]
[EventCountry "RUS"]
[SourceTitle "playchess.com"]
[Source "ChessBase"]
[SourceQuality "1"]

{[%evp 11,81,21,28,-2,14,17,6,0,43,35,41,37,94,94,95,86,106,94,99,24,114,0,101,105,118,122,129,116,100,83,162,164,157,99,96,93,110,139,173,156,254,252,239,243,233,229,212,207,275,281,395,421,645,599,722,513,868,859,1335,624,612,584,709,679,1084,1091,29967,29968,1797,1614,1536,558]} 1. Nf3 d5 2. g3 Bg4 3. Bg2 Nd7 4. c4 e6 5. cxd5 exd5 6. O-O Ngf6 7. d3 {A07: Réti Opening: New York and Capablanca Systems} Be7 (7... Bd6 8. Nc3 c6 9. h3 Bh5 10. e4 O-O 11. g4 Bg6 12. Nh4 Nxe4 13. dxe4 Qxh4 14. exd5 c5 15. Nb5 Bb8 16. d6 a6 {½-½ (46) Oparin,G (2616)-Shirov,A (2673) Moscow 2016}) 8. Nc3 O-O 9. h3 {The position is equal.} Be6 (9... Bxf3 $5 10. Bxf3 c6 $11) 10. Nd4 c6 11. e4 {[%cal Be2e4,Be4e5][%mdl 32]} Bc5 $146 (11... dxe4 $14 12. Nxe6 fxe6) ({Predecessor:} 11... Qb6 12. Nxe6 fxe6 13. Qe2 Rf7 {1-0 (44) Tarlev,K (2484)-Cherenkov,A (2180) Kostroma 2010}) 12. Nxe6 $16 fxe6 13. d4 Bb6 {[#]} 14. e5 $1 Ne8 15. Be3 (15. h4 $16) 15... Nc7 (15... Nxe5 $1 $11 16. dxe5 d4) 16. Rc1 ({White should play} 16. Na4 $16) 16... Qe7 (16... Nxe5 $1 $11 17. dxe5 d4) 17. Na4 Rac8 18. h4 Na6 19. Bh3 c5 20. Qg4 Rfe8 (20... Rce8 $16) 21. dxc5 Naxc5 22. Nxb6 ({White should try} 22. Nxc5 Rxc5 23. Bxc5 Nxc5 24. Kh2) 22... axb6 23. Bd4 Ra8 24. b4 Ne4 25. Rc7 Nd2 (25... Qd8 $16 {was called for.} 26. Rc2 (26. Rxb7 Qc8 $16) 26... Qe7) 26. Rd1 $18 ({Not} 26. Rxb7 Nxf1 27. Bxf1 Reb8 $11) 26... Nc4 {[#]} 27. Qxe6+ $1 {[%mdl 512]} Qxe6 28. Bxe6+ Rxe6 29. Rxd7 Rxa2 30. Rxd5 Nd2 (30... Rc2 {keeps fighting.} 31. f4 Kf8) 31. Kg2 Ne4 (31... Kf7 $142 32. Rc1 Rc6) 32. Re1 Nd2 33. Rc1 Kf7 (33... Rc6 $142 34. e6 Ra8 35. Rxc6 bxc6) 34. Rc7+ Kg6 35. Rdd7 (35. g4 $142 Ra8 36. Rdd7) 35... Kf5 36. Rxg7 Ke4 37. Be3 b5 38. Rg4+ Kf5 39. Rf4+ Kxe5 40. Rc5+ Kd6 41. Rd4+ {Precision: White = 66%, Black = 25%.} 1-0

[Event "RUS-chT Blitz Men 2018"]
[Site "Sochi"]
[Date "2018.10.10"]
[Round "12"]
[White "Potapov, Pavel"]
[Black "Bocharov, Ivan"]
[Result "1/2-1/2"]
[WhiteElo "2515"]
[BlackElo "2563"]
[Annotator "TA"]
[PlyCount "34"]
[EventDate "2018.10.10"]
[EventType "swiss"]
[EventCountry "RUS"]
[SourceTitle "playchess.com"]
[Source "ChessBase"]
[SourceQuality "1"]

{[%evp 18,19,0,0]} 1. e4 e5 2. Nf3 Nc6 3. Nc3 Nf6 4. d4 exd4 5. Nxd4 Bb4 6. Nxc6 bxc6 7. Bd3 d5 8. exd5 cxd5 9. O-O O-O 10. h3 {LiveBook: 627 Partien. C47: Schottisches Vierspringerspiel} {Vorgänger:} c6 $146 11. Qf3 Bd6 12. Bf4 Be6 13. Rfe1 Bxf4 14. Qxf4 Qb8 15. Qxb8 Raxb8 16. Na4 Nd7 17. b3 c5 {½-½ (35) Nakamura,H (2777)-So,W (2780) Saint Louis 2018} 1/2-1/2

[Event "RUS-chT Blitz Men 2018"]
[Site "Sochi"]
[Date "2018.10.10"]
[Round "12"]
[White "Demidov, Mikhail"]
[Black "Grachev, Boris"]
[Result "1/2-1/2"]
[WhiteElo "2514"]
[BlackElo "2626"]
[Annotator "TA"]
[PlyCount "80"]
[EventDate "2018.10.10"]
[EventType "swiss"]
[EventCountry "RUS"]
[SourceTitle "playchess.com"]
[Source "ChessBase"]
[SourceQuality "1"]

{[%evp 16,80,0,-8,-6,-28,-21,-32,-22,-33,-22,-25,-32,-51,-35,-56,0,0,0,-42,-12,-16,-8,-18,-10,-16,-14,-18,22,22,28,0,0,-74,-20,-22,-18,-73,-78,-78,-78,-78,-78,-92,-78,-78,-78,-78,-78,-78,-72,-78,-69,-57,0,-78,0,-65,0,-78,-78,-74,0,-73,0,-62,0]} 1. Nf3 d5 2. g3 c6 3. Bg2 Bf5 4. O-O e6 5. d3 h6 6. c4 {A07: Réti Opening: New York and Capablanca Systems} dxc4 7. dxc4 Nd7 8. Nc3 Ngf6 9. b3 {LiveBook: 3 Games} Qc7 10. Bf4 $146 ({Predecessor:} 10. Bd2 Rd8 11. Qc1 e5 12. h3 Be7 13. Be3 O-O 14. Rd1 Rfe8 15. Qb2 {½-½ (53) Javakhadze,Z (2451)-Rodshtein,M (2683) Groningen 2013}) 10... e5 11. Be3 Be7 12. Qc1 O-O 13. Rd1 Rfd8 14. h3 Bh7 15. g4 Ne4 (15... Nf8 $15) 16. Nxe4 $11 Bxe4 17. Qc3 Bxf3 18. Bxf3 a5 19. Be4 Nf8 20. Bf5 g6 21. Bc2 Bg5 22. Bxg5 hxg5 23. Qe3 Ne6 24. Be4 (24. Rxd8+ $11 Rxd8 25. Qc3) 24... Rxd1+ ({Black should play} 24... Kg7 $17) 25. Rxd1 Rd8 $36 {[%mdl 2048] Black is pushing.} 26. Rd2 (26. Qc1 $11) 26... Rd4 $17 27. Rxd4 exd4 28. Qd2 Qe5 29. Bf3 Nf4 30. e3 dxe3 ({Reject} 30... Nxh3+ 31. Kg2 $11) 31. fxe3 Ne6 ({Stronger than} 31... Nxh3+ 32. Kg2 $16) 32. Kg2 Kg7 33. Kg1 Qg3+ 34. Bg2 Qe5 35. Bf3 $1 Qg3+ 36. Bg2 Qe5 37. Bf3 $1 Kf6 38. Kf2 Kg7 (38... Ke7 $17) 39. Kg2 (39. Kg1 $1 $11 {keeps the balance.}) 39... Kf6 40. Kf2 $1 Kg7 {Precision: White = 48%, Black = 48%.} ({Black should try} 40... Ke7 $15) 1/2-1/2

[Event "RUS-chT Blitz Men 2018"]
[Site "Sochi"]
[Date "2018.10.10"]
[Round "12"]
[White "Khanin, Semen"]
[Black "Savitskiy, Sergey"]
[Result "1/2-1/2"]
[WhiteElo "2510"]
[BlackElo "2413"]
[Annotator "TA"]
[PlyCount "81"]
[EventDate "2018.10.10"]
[EventType "swiss"]
[EventCountry "RUS"]
[SourceTitle "playchess.com"]
[Source "ChessBase"]
[SourceQuality "1"]

{[%evp 17,81,25,63,-16,26,-52,-29,-10,4,4,4,-38,-25,-31,-31,-23,-4,-102,-67,-85,-80,-87,0,-8,-8,-8,-5,0,-2,-72,-71,-75,-57,-79,-43,-35,-30,-29,-20,-70,0,0,0,0,0,0,0,0,0,0,0,-43,-43,-43,-20,-20,-20,-20,0,-845,0,-20,0,-20,-20,-989]} 1. e4 c5 2. Nf3 d6 3. Bb5+ Nc6 4. Bxc6+ bxc6 5. O-O e5 6. c3 f5 7. d4 {B51: Sicilian: Moscow Variation (3 Bb5+) without 3...Bd7} fxe4 8. Ng5 d5 9. dxe5 Be7 {LiveBook: 7 Games} 10. f4 ({Better is} 10. c4 $14) 10... Bxg5 $146 ({Predecessor:} 10... g6 11. Qa4 Qb6 12. c4 h6 13. cxd5 hxg5 14. d6 c4+ {0-1 (34) Miroshnichenko,E (2525)-Movsesian,S (2654) Panormo 2002}) 11. fxg5 (11. Qh5+ $1 $11 g6 12. Qxg5) 11... Ne7 12. Be3 d4 13. cxd4 {[#] Threatens to win with Qa4.} Nf5 $132 {[%mdl 2048] Black is fighting back} 14. Rxf5 Bxf5 15. Nc3 cxd4 16. Bxd4 O-O 17. Qb3+ (17. Bc5 $11) 17... Kh8 18. Bc5 Re8 ({Much weaker is} 18... Qxg5 $6 19. Bxf8 Rxf8 20. Qc4 $11) 19. Bd6 Qb6+ (19... Qxg5 $17 {And now ...Qd2 would win.} 20. Rf1 Qe3+ 21. Kh1 Rad8) 20. Qxb6 $11 axb6 21. Re1 Kg8 22. a3 Kf7 23. Nxe4 (23. Kf2 $11 {keeps the balance.}) 23... Bxe4 24. Rxe4 {[%mdl 4096] Endgame KRR-KRB} Ke6 25. Kf2 Ra7 {[%mdl 1024] Black has strong compensation.} 26. Rb4 b5 27. Rh4 g6 28. Rf4 Rf7 (28... Ra4 $15 29. Rf6+ Kd5) 29. Rf6+ Rxf6+ 30. gxf6 {KR-KB} Ra8 31. Ke3 Ra4 32. Bb4 c5 33. Bxc5 Rc4 34. Bd6 (34. Bd4 {keeps more tension.} Rc2 35. Kf3 g5 36. Bc3 h5 37. Kg3) 34... Rc2 35. Kf3 Rxb2 36. h4 Rb3+ 37. Kf4 h5 38. Kg5 $2 {[%mdl 8192] [#]} (38. g4 $11) 38... Kf7 $2 (38... Rg3+ $19 39. Kh6 Rxg2) 39. Kf4 {The position is equal.} Ke6 40. g3 Rd3 41. Bc7 $2 {[%mdl 40960] Precision: White = 29%, Black = 45%. . An unexpected result.} (41. Bc5 $11) 1/2-1/2

[Event "RUS-chT Blitz Men 2018"]
[Site "Sochi"]
[Date "2018.10.10"]
[Round "12"]
[White "Moiseenko, Vadim"]
[Black "Okun, Evgeny"]
[Result "1-0"]
[WhiteElo "2492"]
[BlackElo "2163"]
[Annotator "TA"]
[PlyCount "51"]
[EventDate "2018.10.10"]
[EventType "swiss"]
[EventCountry "RUS"]
[SourceTitle "playchess.com"]
[Source "ChessBase"]
[SourceQuality "1"]

{[%evp 16,51,8,11,30,0,52,51,72,33,41,31,100,27,68,60,115,148,127,134,187,181,431,416,469,462,470,470,471,477,540,527,512,452,479,481,500,498]} 1. Nf3 c5 2. b3 d6 3. d4 cxd4 4. Nxd4 Nf6 5. c4 g6 6. e3 Bg7 7. Be2 Nc6 8. Bb2 O-O 9. O-O Bd7 {E60: King's Indian: Unusual lines and Fianchetto Variation without Nc3} 10. Nd2 (10. Nc3 Qa5 11. Rc1 Rfc8 12. Qd2 a6 13. Rfd1 Rab8 14. a3 Nxd4 15. exd4 Qd8 16. b4 Qf8 17. Qe1 Bh6 18. Ra1 Bf5 {½-½ (67) Riazantsev,A (2649)-Sivuk,V (2545) Cheliabinsk 2018}) 10... e5 $146 (10... Re8 $11) ({Predecessor:} 10... a6 11. Bf3 Qa5 12. Ne4 Ne5 13. Nxf6+ Bxf6 14. Bxb7 Rab8 15. Bd5 e6 16. Bc6 Bc8 17. Qe2 {1-0 (39) Giannatos,P (2284)-Benjamin,J (2544) chess.com INT 2017}) 11. Nb5 $14 d5 {White is slightly better.} 12. cxd5 Nxd5 13. Ne4 Be6 (13... Nce7 $14) 14. Nc5 (14. Bc4 $16) 14... Bc8 15. Bf3 $36 {[%mdl 2048] White is pushing.} Nde7 (15... a6 $14) 16. Qxd8 $16 Rxd8 17. Rfd1 Rf8 (17... Rxd1+ $16 18. Rxd1 e4) 18. Rac1 $18 {[%cal Ba1c1,Bc1c6,Bc6d6][%mdl 32]} b6 $2 {[#]} (18... Rd8 {is a better defense.} 19. Rxd8+ Nxd8) 19. Na4 Bb7 20. Nd6 {White is clearly winning.} Ba6 21. Bxc6 Nxc6 22. Rxc6 h5 23. h3 Rfd8 24. Rdc1 Bf8 25. Bxe5 Bxd6 26. Rxd6 {Precision: White = 70%, Black = 16%.} 1-0

[Event "RUS-chT Blitz Men 2018"]
[Site "Sochi"]
[Date "2018.10.10"]
[Round "12"]
[White "Chekhov, Sergei"]
[Black "Rozum, Ivan"]
[Result "0-1"]
[WhiteElo "2463"]
[BlackElo "2573"]
[Annotator "TA"]
[PlyCount "74"]
[EventDate "2018.10.10"]
[EventType "swiss"]
[EventCountry "RUS"]
[SourceTitle "playchess.com"]
[Source "ChessBase"]
[SourceQuality "1"]

{[%evp 14,74,16,10,13,-4,18,1,-2,-10,0,0,0,-25,-12,-13,4,-16,19,3,22,15,13,16,64,55,49,0,0,-16,0,-29,-9,-74,-27,-69,-26,-114,-119,-190,-172,-174,-112,-116,-114,-293,-301,-314,-176,-527,-539,-804,-803,-1512,-1504,-1600,-1508,-2320,-1997,-2004,-1967,-29991,-29992]} 1. e4 c6 2. d4 d5 3. exd5 cxd5 4. c4 Nf6 5. Nc3 e6 6. cxd5 Nxd5 7. Nf3 Bb4 8. Bd2 O-O {B14: Caro-Kann: Panov-Botvinnik Attack with 5...e6 and 5...g6} 9. Bc4 (9. Bd3 Be7 10. O-O Nc6 11. a3 Bf6 12. Be3 Nxc3 13. bxc3 b6 14. Qc2 g6 15. Be4 Bb7 16. Rad1 Na5 17. Bxb7 Nxb7 18. c4 Rc8 19. Qe2 Na5 20. d5 Qd7 21. Bd4 Bxd4 22. Rxd4 exd5 23. cxd5 {½-½ (56) Vitiugov,N (2734)-Hou,Y (2658) Belokurikha 2018}) 9... Nb6 10. Bb3 Nc6 {[%cal Bb8c6,Bc6a5,Ba5c4][%mdl 32] The position is equal.} 11. Bg5 $146 ({Predecessor:} 11. a3 Be7 12. Be3 Bf6 13. O-O Qe7 14. Qe2 Rd8 15. Rfd1 a5 16. Ne4 {1-0 (34) Bruce,E-Buselli,C LSS email 2008}) 11... Be7 12. Bf4 Bf6 {[%cal Rc6d4]} 13. Be3 Na5 14. Bc2 Nac4 15. O-O g6 16. Ne4 Bg7 17. Bg5 f6 18. Bc1 Nd5 19. Re1 b6 20. Bb3 Na5 21. Bc2 Qd7 22. b3 Nc6 23. a3 (23. Bd3 $11) 23... a5 24. h4 Ba6 {And now ...f5 would win.} (24... f5 $5 {[%cal Rf5e4]} 25. Neg5 Nc3 $17) 25. h5 (25. Bd3 $11 {remains equal.}) 25... g5 $17 26. Bb1 {[#]} (26. Ng3 $17) 26... h6 $1 $19 27. Bb2 Rfd8 (27... f5 $19 28. Ng3 Nf4) 28. Ng3 f5 29. Ne5 $2 (29. Bd3 $17) 29... Nxe5 30. dxe5 Nf4 (30... Qb7 $142 {Threatens to win with ...Nf4.} 31. Nxf5 exf5 32. Bxf5 Nf4) 31. Qf3 $2 (31. Qxd7 {was the crucial defense.} Rxd7 32. b4) 31... Bb7 32. Qc3 Rac8 33. Qe3 Nxg2 34. Qe2 Nxe1 35. Qxe1 Qd5 {[%csl Gb7][%cal Rd5g2] [#]} 36. Qf1 Qf3 37. b4 Rd1 {Precision: White = 15%, Black = 58%.} 0-1

[Event "RUS-chT Blitz Men 2018"]
[Site "Sochi"]
[Date "2018.10.10"]
[Round "12"]
[White "Belyakov, Bogdan"]
[Black "Maletin, Pavel"]
[Result "1/2-1/2"]
[WhiteElo "2458"]
[BlackElo "2586"]
[Annotator "TA"]
[PlyCount "139"]
[EventDate "2018.10.10"]
[EventType "swiss"]
[EventCountry "RUS"]
[SourceTitle "playchess.com"]
[Source "ChessBase"]
[SourceQuality "1"]

{[%evp 9,139,-27,-21,-19,-13,-14,8,16,36,43,39,33,35,24,27,-12,-15,-23,0,-187,0,0,0,0,37,6,16,0,44,16,12,0,0,0,0,-8,1,8,36,36,35,41,106,46,25,45,27,-27,0,-59,-57,-101,-81,-75,-86,-75,-56,-52,-54,-62,-20,-59,-66,-85,-88,-135,-66,-129,-49,-99,-90,-91,-64,-59,-11,-21,0,0,0,0,0,0,8,8,47,56,53,17,22,16,40,29,36,34,41,22,66,0,0,0,0,0,0,0,0,0,0,0,0,0,0,0,0,0,0,0,0,0,0,0,0,0,0,-168,0,0,0,0,0,0,0,0]} 1. e4 e5 2. Nf3 Nc6 3. Nc3 Nf6 4. Be2 Bd6 (4... d5 5. exd5 Nxd5 6. O-O Nxc3 7. bxc3 e4 8. Ne1 Bd6 9. f3 f5 10. fxe4 fxe4 11. Rb1 Qe7 12. d4 exd3 13. cxd3 Bd7 14. Rxb7 O-O-O 15. Rb2 {1-0 (29) Van Foreest,J (2629)-Giri,A (2752) Amstelveen 2017}) 5. d4 exd4 $1 6. Nxd4 {C47: Scotch Four Knights and Four Knights with 4 g3} O-O 7. O-O Re8 8. Ndb5 $146 {[%cal Bd4b5,Bb5a3,Ba3c4,Bc4e3][%mdl 32]} ({Predecessor:} 8. Bg5 Be5 9. Nf3 Bxc3 10. bxc3 Qe7 {1-0 (21) Koski,C (1287)-Eicholtz,J (1200) IECG email 2001}) 8... Bc5 9. Bg5 a6 10. Bxf6 $1 gxf6 11. Na3 d6 12. Bd3 Kh8 13. Nc4 Rg8 14. Qh5 $2 {[#]} (14. Nd5 $11 {and White is okay.}) 14... Rg7 $2 (14... Rxg2+ $1 $19 {[%mdl 512]} 15. Kxg2 Qg8+ 16. Kh1 Bg4) 15. Ne3 $11 Ne5 16. Kh1 Be6 17. Ncd5 c6 18. Nf4 Qe7 19. Nf5 Bxf5 $1 20. exf5 Rg5 21. Qh3 Ng4 22. Qf3 Ne5 23. Rae1 Qf8 24. Qh3 Ng4 25. Qh4 Ne5 (25... d5 $14) 26. Nh3 (26. f3 $16) 26... Nxd3 $14 27. cxd3 Rxf5 28. f4 (28. d4 $142 Bb4 29. Rd1) 28... Qg7 29. Re7 (29. Rf3 $11) 29... Rg8 $40 {[%csl Gg8][%cal Rg7g2][%mdl 128] Black attacks.} 30. Qg3 Qxg3 (30... Rd5 {keeps more tension.} 31. Qxg7+ Kxg7 32. Rxb7 Rxd3 33. g3 Re8) 31. hxg3 Rxg3 32. Rxf7 Rxd3 33. Rxb7 Rfd5 34. Kh2 Rd1 (34... Bd4 {with more complications.} 35. Rd7 c5 36. Rc1 Be3 37. Re1 Rh5) 35. Rxd1 Rxd1 $11 {[%mdl 4096] Endgame KRB-KRN} 36. Kg3 Rd2 37. Kf3 a5 (37... Bd4 $17 38. Rb8+ Kg7) 38. a4 (38. f5 $15) 38... Rd4 (38... Kg8 $17 39. b3 h5) 39. b3 Rb4 40. Rc7 Rxb3+ 41. Kg4 Rb2 42. Kf5 $1 Rxg2 43. Kxf6 Bd4+ 44. Kf5 $1 h6 (44... c5 $5 45. Ng5 $8 Kg8 $11) 45. Rxc6 Rg3 46. Rxd6 Bg7 47. Nf2 {aiming for Ne4.} Ra3 48. Kg6 {White threatens Rd8+ and mate.} (48. Ne4 {is more complex.} Rxa4 49. Kg6 Rd4 50. Ra6 Rd8 51. Nd6) 48... Rg3+ 49. Kf7 {Rd8+ is the strong threat.} Rf3 50. Nd3 Kh7 51. Rd5 Bc3 52. Ke6 Bg7 53. f5 (53. Kf5 $14) 53... h5 54. Nc5 h4 55. Ne4 Re3 56. f6 {Threatens to win with Kf5.} Rxe4+ {KRB-KR} 57. Kf5 Re1 58. fxg7 Kxg7 59. Rxa5 {KR-KR} h3 60. Ra7+ Kh6 {Strongly threatening ...Rf1+.} 61. Ra6+ Kh5 (61... Kh7 $5 62. Ra7+ $8 Kh6 63. Ra6+ Kh5 $17) 62. Ra8 $1 {[%cal Ra8h8]} Rf1+ 63. Ke4 Kh4 64. Rh8+ Kg3 65. Rg8+ Kh2 {And now ...Ra1 would win.} 66. Kd5 $2 (66. Ke3 $11 {and White has nothing to worry.}) 66... Ra1 $2 (66... Rg1 $19 67. Rc8 Rg4) 67. Rg4 {The position is equal.} Kh1 68. Kc5 h2 69. Kb5 Rg1 70. Rh4 {Precision: White = 57%, Black = 43%.} 1/2-1/2

[Event "RUS-chT Blitz Men 2018"]
[Site "Sochi"]
[Date "2018.10.10"]
[Round "12"]
[White "Kozionov, Kirill"]
[Black "Motylev, Alexander"]
[Result "0-1"]
[WhiteElo "2458"]
[BlackElo "2661"]
[Annotator "TA"]
[PlyCount "134"]
[EventDate "2018.10.10"]
[EventType "swiss"]
[EventCountry "RUS"]
[SourceTitle "playchess.com"]
[Source "ChessBase"]
[SourceQuality "1"]

{[%evp 23,134,0,14,-40,0,0,0,-14,-16,-34,-16,-47,-1,-100,-96,-110,-85,-76,0,0,0,0,0,0,0,0,0,0,0,-31,-43,-177,-173,-143,-129,-110,0,0,0,0,0,-98,-108,-77,-58,-125,0,-93,0,-75,-83,-320,-327,-316,-257,-254,-19,-557,-546,-620,-550,-751,-757,-811,-862,-804,-628,-814,-728,-728,-721,-755,-736,-721,-712,-709,-706,-748,-764,-984,-769,-1149,-1116,-1086,-1051,-2813,-2815,-29978,-737,-1158,-1099,-945,-803,-747,-748,-916,-885,-1104,-1068,-29981,-1909,-29982,-29983,-29983,-29984,-29985,-29986,-29986,-29987,-29988,-29989,-29989,-29990]} 1. d4 d5 2. c4 c6 3. Nf3 Nf6 4. Nc3 dxc4 5. a4 e6 6. e4 Bb4 7. Bg5 h6 8. Bxf6 Qxf6 9. Bxc4 {D44: Damengambit (Botwinnik-Variante)} c5 10. e5 Qd8 11. O-O cxd4 12. Ne4 Nc6 {LiveBook: 4 Partien} 13. Qe2 {[#]} (13. Qc1 $11) 13... O-O $146 ({Vorgänger:} 13... a6 14. Rfd1 Qa5 15. Ng3 Be7 16. Qe4 Bd7 {1-0 (42) Le,Q (2703)-Balogh,C (2664) Saint Louis 2012}) 14. Rfd1 b6 15. Rac1 {Und weiter mit Lb5 wäre nett.} Bb7 16. Bd3 Rc8 17. Bb1 Be7 18. Ng3 (18. Qd3 $11 {hält das Gleichgewicht.} g6 19. Qd2) 18... Qd5 $17 19. h4 Rfe8 20. h5 f5 ({Günstiger ist} 20... Kf8 $17) 21. exf6 $1 $11 Bxf6 22. Qd3 Kf8 $36 {[%mdl 2048] Weiss steht unter Druck.} 23. Qh7 Ke7 24. Be4 Qd6 25. Re1 Kd7 26. b4 Qxb4 27. Qg6 (27. Bxc6+ $15 Bxc6 28. Ne4) 27... Ne7 $1 $19 {[%cal Re7g6]} 28. Qg4 Rxc1 $1 29. Rxc1 Bxe4 (29... d3 $17 30. Rd1 Nd5) 30. Nxe4 $11 ({Viel schwächer wäre} 30. Qxe4 Rc8 $17) 30... Nf5 31. Qf4 {[%csl Gc1][%cal Rf4c7]} Rc8 {Weiss muss nun ...Txc1+ beachten.} 32. Rd1 (32. Nxf6+ $11 {bleibt in der Remisbreite.} gxf6 33. Rxc8 Kxc8 34. g4) 32... Qxa4 $17 33. Re1 Qb4 $1 34. Rd1 $1 Qb3 ({Lieber} 34... Rc4 $17 35. g4 d3 $1 {[%mdl 512]}) 35. Re1 (35. Ra1 $11) 35... Qb4 36. Rd1 $1 Ke7 37. Ne5 $2 (37. Nxf6 $17 gxf6 38. g4) 37... Bxe5 $1 $19 38. Qxe5 Qb3 39. Ra1 {[#]} a5 $2 (39... Kf8 $1 $19 {Droht stark ...a5.} 40. Nd6 Rc5) 40. g4 $2 {[%mdl 8192]} (40. Ng3 $11 {und Weiss muss sich keine Sorgen machen.} Nxg3 41. Qxg7+ Ke8 42. Qh8+ Kd7 43. Qg7+ Kd6 44. Qxd4+ Qd5 45. Qxb6+ Kd7 46. fxg3) 40... Qd5 41. Qf4 Nd6 42. Ng3 Rf8 43. Qd2 Nc4 44. Qd3 Ne5 45. Qa3+ Ke8 46. Rc1 Nf3+ 47. Kf1 Nd2+ 48. Kg1 Nc4 49. Qd3 b5 50. Qg6+ Rf7 51. Ne4 Kf8 52. Qh7 Ke7 53. Re1 d3 {[%cal Bd4d3,Bd3d2][%mdl 32]} 54. Ng3 d2 55. Rd1 Ne5 (55... Qf3 $142 56. Rxd2 Nxd2 57. Qc2 Qxf2+ 58. Kh1 Qxg3 59. Qc5+ Kd8 60. Qb6+ Rc7 61. Qd4+ Rd7 62. Qb6+ Ke7 63. Qc5+ Kf7 64. Qg1 Qxg1+ 65. Kxg1 a4 66. g5 a3 67. Kg2 a2 68. g6+ Kf6 69. Kg3 a1=Q 70. Kg2 Qf1+ 71. Kg3 Rd3+ 72. Kg4 Qh3+ 73. Kf4 Qh4#) 56. Qc2 Nf3+ 57. Kf1 Qc4+ 58. Qxc4 bxc4 {[%mdl 4096] Endspiel KTS-KTS} 59. Ne4 Rf4 60. Nxd2 Rd4 {Droht ...c3 und aus.} 61. Ke2 Nxd2 (61... Rxd2+ $142 62. Rxd2 Nxd2 63. Kxd2 Kf6 64. Kc2 a4 65. Kc3 a3 66. f4 g5 67. hxg6 Kxg6 68. Kc2 h5 69. gxh5+ Kxh5 70. Kb1 c3 71. Kc2 a2 72. Kxc3 a1=Q+ 73. Kd3 Kg4 74. Kc4 Kxf4 75. Kc5 e5 76. Kd6 e4 77. Ke6 e3 78. Kd6 e2 79. Ke6 e1=Q+ 80. Kd7 Qa7+ 81. Kd6 Qe5+ 82. Kc6 Qac7#) 62. Rxd2 Rxd2+ {Schwarz setzt Matt.} 63. Kxd2 {KB-KB} Kd6 64. Kc3 Kc5 65. f4 a4 {[%cal Ba5a4,Ba4a3][%mdl 32]} 66. g5 a3 67. f5 exf5 {Precision: Weiß = 25%, Schwarz = 68%.} 0-1